| 000 | 00965nac a22002657a 4500 | ||
|---|---|---|---|
| 001 | BR6007374 | ||
| 003 | BR-BrBNA | ||
| 005 | 20240105113210.0 | ||
| 008 | 230509b bl.|||m| |||| 00| 0 por d | ||
| 040 |
_aBR-BrBNA _bpor _cBiblioteca Nacional de Agricultura |
||
| 072 | _aE30 | ||
| 090 | _aE30 BR6007374 | ||
| 110 | 1 |
_aMinisterio da Agricultura, Brasilia, DF (Brasil). Escritorio Central de Planejamento e Controle _96800 |
|
| 245 | 1 | _aCarta de Brasilia. Ano 2; 1967-1968. Regiao Sul (anexo 5)[politica de desenvolvimento, desenvolvimento agricola, projeto de desenvolvimento, Brasil] | |
| 260 | 3 |
_aBrasilia, DF (Brasil): _c[nd]. |
|
| 300 | _a671 p. | ||
| 490 |
_aCarta de Brasilia (Brazil) _v _x |
||
| 500 | _aPublished 1968? | ||
| 650 | _aPROJETO DE DESENVOLVIMENTO | ||
| 650 | _aPOLITICA DE DESENVOLVIMENTO | ||
| 650 | _aDESENVOLVIMENTO AGRICOLA | ||
| 650 | _aREGIAO SUL | ||
| 909 |
_a202312 _bLúcia Elande _c55 _dLúcia Elande |
||
| 942 |
_2AGRIS _n0 _cMS |
||
| 999 |
_c262429 _d262429 |
||